00265nam a2200109Ia 4500100002100000654001300021245005000034260003600084082001500120300000800135546001200143 aBraun/ Dietrich  aPlastics aSimple methods for identification of plastics bHanser publishersaMunichc1986 a668.4bBRA a110 aENGLISH